El coloquio de los lectores : ensayos, sobre autores, manuscritos, editores y lectores /
Salvato in:
| Autore principale: | |
|---|---|
| Altri autori: | |
| Natura: | Elettronico eBook |
| Lingua: | spagnolo inglese |
| Pubblicazione: |
Ciudad de México :
Fondo de Cultura Económica,
2016.
|
| Edizione: | Primera edición electrónica. |
| Serie: | Espacios para la lectura.
|
| Soggetti: | |
| Accesso online: | Digitalia Hispánica |
| Tags: |
Aggiungi Tag
Nessun Tag, puoi essere il primo ad aggiungerne!!
|
MARC
| LEADER | 00000nam a2200000Ii 4500 | ||
|---|---|---|---|
| 001 | DIGFCE0252 | ||
| 003 | NyNyDIG | ||
| 007 | cr ||||||||||| | ||
| 008 | 220224t20162003mx a o 000 0 spa d | ||
| 006 | m o d | ||
| 035 | |a (OCoLC)1319852302 | ||
| 040 | |a DGITA |b eng |e rda |e pn |c DGITA | ||
| 020 | |a 9786071636607 |q eBook | ||
| 020 | |z 9681667271 | ||
| 041 | 1 | |a spa |h eng | |
| 050 | 1 | 4 | |a PN37 ebook |
| 082 | 1 | 4 | |a 809 |
| 100 | 1 | |a Darnton, Robert, |e author. | |
| 245 | 1 | 3 | |a El coloquio de los lectores : |b ensayos, sobre autores, manuscritos, editores y lectores / |c Robert Darnton ; prólogo, selección y traducción de Antonio Saborit. |
| 250 | |a Primera edición electrónica. | ||
| 264 | 1 | |a Ciudad de México : |b Fondo de Cultura Económica, |c 2016. | |
| 264 | 4 | |c ©2003 | |
| 300 | |a 1 online resource : |b illustrations. | ||
| 336 | |a text |b txt |2 rdacontent | ||
| 337 | |a computer |b c |2 rdamedia | ||
| 338 | |a online resource |b cr |2 rdacarrier | ||
| 347 | |a text file |2 rdaft | ||
| 347 | |b EPUB | ||
| 490 | 1 | |a Espacios para la lectura | |
| 588 | 0 | |a Online resource; title from ePub title page (Digitalia, viewed February 24, 2021) | |
| 600 | 1 | 0 | |a Darnton, Robert. |
| 650 | 0 | |a Literature |x History and criticism. | |
| 650 | 0 | |a Literature |v Essays. | |
| 650 | 0 | |a Books and reading. | |
| 655 | 0 | |a Electronic books. | |
| 700 | 1 | |a Saborit, Antonio, |d 1957- |e contributor agent of text. | |
| 791 | 2 | |a Digitalia (Firm), |e distributor. | |
| 793 | 0 | |g Digitalia eBook Collection: |a Fondo de Cultura Económica | |
| 776 | 0 | 8 | |i Print version: |a Darnton, Robert. |t Coloquio de los lectores. |b Primera edición. |d Ciudad de México : Fondo de Cultura Económica, 2003 |z 9681667271 |
| 830 | 0 | |a Espacios para la lectura. | |
| 856 | 4 | 0 | |3 Digitalia Hispánica |u https://digitalia.unach.elogim.com/a/43790/ |
| 910 | |a Premium collection: 2022 | ||